| 000 | 00777 a2200169 4500 | ||
|---|---|---|---|
| 003 | Nust | ||
| 005 | 20221208100633.0 | ||
| 020 | _a8120324943 | ||
| 040 | _cNust | ||
| 082 | _a621.382,NII | ||
| 245 |
_aIntroduction to digital communication systems / _cNIIT |
||
| 260 |
_aPrentice-Hall Privet Ltd _bNew Dellhi _c2004 |
||
| 300 |
_ax, 268 p. _billus _c24 cm |
||
| 505 | _aDigital Communications (Page-1), Digital Transmission And Coding (Page-33), Frame Structures (Page-63), SONET/SDH (Page-79), Data Communications (Page-107), Digital Modulation And Demodulation Techniques (Page-135), Critical Parameters In Data Transmission (Page-167), Radio Transmission (Page-185), Fiber Optic Transmission System (Page-209) | ||
| 650 | _aTelecommunication Engineering | ||
| 942 |
_2ddc _cBK |
||
| 999 |
_c182565 _d182565 |
||